01009nam a22002297a 4500010001300000020001000013035001300023037001800036040001200054082003100066100006100097245017300158246008100331260007400412270008700486300002800573650004800601650003100649650003400680650001500714700005000729 aA-396566 c00.00 aA-396566 aCen Lib / Ret aDPLbHN a611bवर्मामु aवर्मा, मुकुन्दस्वरूप aमानव-शारीर-रचना /bमुकुन्दस्वरूप वर्मा ; सम्पादक रमेशचन्द्र गर्ग aManav Sharir rachana /bby Mukundswarup Verma ; edited by RameshChander Garg aदिल्लीbमोतीलाल बनारसीदास bदिल्लीaबंगलों रोड, जवाहरनगरe110007 av 3. 1114-1859p.b22cm. a मानव शारीर रचना  aThe human body composition a मानव शारीर ahuman body aगर्ग, रमेशचन्द्र